书目信息 |
| 题名: |
文化与诗学
|
|
| 作者: | 童庆炳 主编 ;北师大 编 | |
| 分册: | 第五辑 | |
| 出版信息: | 北京 北京大学出版社 2005 |
|
| 页数: | 302页 | |
| 开本: | 23cm | |
| 丛书名: | ||
| 单 册: | ||
| 中图分类: | C53 , C112 | |
| 科图分类: | ||
| 主题词: | 社会科学--文集 , 社会科学--现状 , 社会科学--概况 | |
| 电子资源: | ||
| ISBN: | 7-301-10238-0 | |
| 000 | 01040nam0 2200277 450 | |
| 001 | 1539789134 | |
| 005 | 20150126110335.15 | |
| 010 | @a7-301-10238-0@dCNY28.00 | |
| 100 | @a20060104d2005 emky0chiy50 ea | |
| 101 | 0 | @achi |
| 102 | @aCN@b110000 | |
| 105 | @ay z 000yy | |
| 200 | 1 | @a文化与诗学@9wen hua yu shi xue@h第五辑@f童庆炳主编@g北京师范大学文艺学研究中心编 |
| 210 | @a北京@c北京大学出版社@d2005 | |
| 215 | @a302页@d23cm | |
| 312 | @a封面英文共同题名:Culture and poetics | |
| 330 | @a本书包括“文学理论的边界”讨论专辑、海外学人园地、博士论文选萃三部分内容。所收文章有《文学理论反思与“苏联体系”问题》、《文艺学边界三题》、《文学会消亡吗》、《旧“小说”的全球化:一个基础的问题》、《唯“美”与“善”的意向性》等。 | |
| 606 | 0 | @a社会科学@j文集 |
| 606 | 0 | @a社会科学@x现状 |
| 606 | 0 | @a社会科学@x概况 |
| 690 | @aC53@v5 | |
| 690 | @aC112@v4 | |
| 701 | 0 | @a童庆炳@9tong qing bing@f(1936.12~)@4主编 |
| 712 | 02 | @a北师大@9bei shi da@b文艺学研究中心@4编 |
| 801 | 0 | @aCN@bTSSF@c20150126 |
| 905 | @aZUCC@dC112@eJY23:5 | |
| 文化与诗学.第五辑/童庆炳主编/北京师范大学文艺学研究中心编.-北京:北京大学出版社,2005 |
| 302页;23cm |
| ISBN 7-301-10238-0:CNY28.00 |
| 本书包括“文学理论的边界”讨论专辑、海外学人园地、博士论文选萃三部分内容。所收文章有《文学理论反思与“苏联体系”问题》、《文艺学边界三题》、《文学会消亡吗》、《旧“小说”的全球化:一个基础的问题》、《唯“美”与“善”的意向性》等。 |
| ● |
| 相关链接 |
|
|
|
|
正题名:文化与诗学
索取号:C112/JY23:5
 
预约/预借
| 序号 | 登录号 | 条形码 | 馆藏地/架位号 | 状态 | 备注 |
| 1 | 7859804 | 278598046 | 学院路分馆/ [索取号:C112/JY23:5] | 在馆 | |
| 2 | 7859805 | 278598055 | 学院路分馆/ [索取号:C112/JY23:5] | 在馆 |